00506nam a2200217 4500008004100000020001800041020001800059082000800077082001000085100001200095245006600107250000600173260002400179300001300203500001300216504000500229504002400234600000800258906000500266999001700271110906s9999 xx 000 0 und d a0 00 460203 x a(hard cover):00a36200a4 wat0 awatson,10adisease and social disability:a guide for social workers:cw; a1 auk:bcollinsc1972, a250,c22 ano index a aincludes references10acx c c51340d51340